| 000 | 00830nam a22002057a 4500 | ||
|---|---|---|---|
| 999 |
_c1991 _d1991 |
||
| 003 | AR-CdUCM | ||
| 008 | 190228b ||||| |||| 00| 0 spa d | ||
| 040 |
_aMUNICIPALIDAD PROVINCIAL DEL CUSCO _cBIBLIOTECA MUNICIPAL DEL CUSCO |
||
| 082 |
_a335.5 / _bB75 |
||
| 100 |
_aBlagoje Boskovic, David Dasic _97257 |
||
| 245 | _aLa autogestion socialista en Yugoslavia 1950-1980 / | ||
| 260 |
_aSerbia : _bCAS. Belgrade, _c1980. |
||
| 300 |
_a506 paginas ; _c22 cm. |
||
| 505 | _aEl sistema de la autogestion socialista en Yugoslavia --Surgimiento de la autogestion socialista -- Directiva sobre la fundación y el trabajo de los consejos obreros de las empresas económicas estatales ... | ||
| 650 |
_aSocialismo _9640 |
||
| 650 |
_aAutogestion _97258 |
||
| 650 |
_aHistoria _9136 |
||
| 942 |
_2ddc _cLIBROS |
||
| 945 |
_arjall _d2019-02-28 |
||